000 01018nam0a22002651 4500
001 v19\rc\1773429
005 20260405202909.0
035 _a(NLR Aleph) 005232134
090 _a5616682
_c5616682
100 _a20061204d1904 |||y0rusy50 ca
101 0 _arus
102 _aRU
105 _ay z |||||
200 1 _aПравославно-догматическое учение о первородном грехе
_f[Соч.] К. б., свящ. Алексия Бургова
210 _aКиев
_cтип. И.И. Горбунова
_d1904
215 _a318 с. разд. паг.
_d27
320 _aБиблиогр.: "Источники и пособия" (с. V-IX)
700 1 _8rus
_7ca
_aБургов
_bА. В.
_f1873-
_gАлексей Васильевич
_3RU\NLR\AUTH\7790341
_973268
801 0 _aRU
_bNLR
_c20061204
_gpsbo
801 0 _aRU
_bRuMoRGB
_c20061204
_2psbo
801 1 _aRU
_bProSoft-M
_c20061204
_2rusmarc
801 2 _aRU
_bNLR
_c20100811
_2rusmarc
852 _aNLR
_j38.78.3.45
942 _cBOOK
980 _aNB